AQA French foundation / (Record no. 5498)

MARC details
000 -LEADER
fixed length control field 01251nam a22002177a 4500
001 - CONTROL NUMBER
control field 5498
003 - CONTROL NUMBER IDENTIFIER
control field FISKH
005 - DATE AND TIME OF LATEST TRANSACTION
control field 20250123123155.0
008 - FIXED-LENGTH DATA ELEMENTS--GENERAL INFORMATION
fixed length control field 241212b cb ||||| |||| 00| 0 eng d
020 ## - INTERNATIONAL STANDARD BOOK NUMBER
International Standard Book Number 9780198365846
040 ## - CATALOGING SOURCE
Original cataloging agency FISKH
Language of cataloging eng
Transcribing agency FISKH
Modifying agency FISKH
082 ## - DEWEY DECIMAL CLASSIFICATION NUMBER
Classification number 448.2
100 ## - MAIN ENTRY--PERSONAL NAME
Personal name Glover, Stuart
245 ## - TITLE STATEMENT
Title AQA French foundation /
Statement of responsibility, etc. by Stuart Glover
260 ## - PUBLICATION, DISTRIBUTION, ETC.
Place of publication, distribution, etc. Oxford :
Name of publisher, distributor, etc. Oxford University Press ,
Date of publication, distribution, etc. 2016.
300 ## - PHYSICAL DESCRIPTION
Extent 206 pages :
Other physical details color illustrations ;
Dimensions 27 cm .
520 ## - SUMMARY, ETC.
Summary, etc. Our bestselling AQA GCSE French course has been updated for the 2016 specification. This course offers brand new content, delivering the breadth and rigour required to develop the productive skills students need to manipulate language confidently and to prepare thoroughly for their exams. Itsdifferentiated approach (Foundation and Higher Student Books) helps to support your mixed-ability classes, and facilitate co-teaching and flexibility. The blend includes differentiated Student Books, and online resources delivered via popular Kerboodle.The audio to accompany this book is available to purchase on CD. It is also available to institutions via Kerboodle.
700 ## - ADDED ENTRY--PERSONAL NAME
Personal name Harrison, Steven
Relator term illustrator
942 ## - ADDED ENTRY ELEMENTS (KOHA)
Source of classification or shelving scheme Dewey Decimal Classification
Koha item type Books
Suppress in OPAC No
Holdings
Withdrawn status Lost status Source of classification or shelving scheme Damaged status Not for loan Collection Home library Current library Shelving location Date acquired Total Checkouts Full call number Barcode Date last seen Copy number Price effective from Koha item type
    Dewey Decimal Classification     Fiction Footprints International School Library Network Toul Kork Campus Footprints International School Library Network Toul Kork Campus TTP Secondary Fiction Bookshelves 12/12/2024   GLO 448.2 2024-2445 12/12/2024 1 12/12/2024 Books
    Dewey Decimal Classification     Fiction Footprints International School Library Network Toul Kork Campus Footprints International School Library Network Toul Kork Campus TTP Secondary Fiction Bookshelves 12/12/2024   GLO 448.2 FISSE04492 01/09/2025 2 12/12/2024 Books
    Dewey Decimal Classification     Fiction Footprints International School Library Network Toul Kork Campus Footprints International School Library Network Toul Kork Campus TTP Secondary Fiction Bookshelves 12/12/2024   GLO 448.2 FISSE04402 01/17/2025 3 12/12/2024 Books
    Dewey Decimal Classification     Fiction Footprints International School Library Network Toul Kork Campus Footprints International School Library Network Toul Kork Campus TTP Secondary Fiction Bookshelves 12/12/2024   GLO 448.2 FISSE03292 01/21/2025 4 12/12/2024 Books
    Dewey Decimal Classification     Fiction Footprints International School Library Network Toul Kork Campus Footprints International School Library Network Toul Kork Campus TTP Secondary Fiction Bookshelves 12/12/2024   GLO 448.2 FISSE04383 01/23/2025 5 12/12/2024 Books
    Dewey Decimal Classification     Fiction Footprints International School Library Network Toul Tom Poung Campus Footprints International School Library Network Toul Tom Poung Campus TTP Secondary Fiction Bookshelves 04/24/2025   GLO 448.2 FISSE03395 04/24/2025 6 04/24/2025 Books